000 00555nam a22001697a 4500
008 160715b xxu||||| |||| 00| 0 eng d
020 _a0-534-17622-4
082 _aDC 570 St2 1994
100 _911478
_aStarr, Cecie.
245 _aBasic concepts in biology:
_bfrom biology concepts and applications/
_cCecie Starr.
250 _aSecond edition.
260 _aCalifornia:
_bWadsworth Publishing Company,
_cc1994.
300 _axxviii, 645 pages:
_bcolor illustrations;
_c27 cm.
500 _aIncludes index.
650 0 _911479
_aBiology.
942 _2ddc
_cDC
999 _c3438
_d3438